000 01538nam a22003017a 4500
005 20080918163843.0
008 080918t xxu||||| |||| 00| 0 hin d
010 _aHIN-92636
020 _a9788190508193
_c150.00
035 _aHN-64982
037 _bDBAD / PUB
040 _aDPL
_bHN
082 _a181.46
100 _9747
_aविवेकानन्द, स्वामी
245 _aविश्व शांति का संदेश /
_cस्वामी विवेकानन्द
260 _aजयपुर
_bसाहित्य चन्द्रिका प्रकाशन
_c2011
270 _a24, न्यू पिंकसिटी मार्केट, सिद्धेश्वर मंदिर के पीछे, पंचवटी, राजापार्क
_bजयपुर
300 _a95पृ.
_c22सेमी (सजिल्द)
650 _9697
650 _9698
700 _927881
700 _927882
700 _927883
942 _2ddc
_cHN
_mविवेका
_h181.46
999 _c52234
_d52234